01019cam a22002654a 450000100090000000300040000900500170001300800410003001000170007102000280008804000180011604200080013405000250014208200220016710000450018924500810023426000440031530000350035944000420039450400660043665000420050265000260054485600910057085600920066113114047OSt20230926115545.0030307s2003 gw a b 001 0 eng  a 2003045449 a3540003975 (alk. paper) aDLCcDLCdDLC apcc00aQC20.7.B38bH37 200300a530.159542bHAR/B1 aHarney, Hanns L.q(Hanns Ludwig),d1939-10aBayesian inference :bparameter estimation and decisions /cHanns L. Harney. aBerlin ;aNew York :bSpringer,cc2003. axiii, 263 p. :bill. ;c25 cm. 0aAdvanced texts in physics,x1439-2674 aIncludes bibliographical references (p. [253]-260) and index. 0aBayesian statistical decision theory. 0aMathematical physics.423Publisher descriptionuhttp://www.loc.gov/catdir/enhancements/fy0817/2003045449-d.html413Table of contents onlyuhttp://www.loc.gov/catdir/enhancements/fy0817/2003045449-t.html